Teora̕ general del proceso

Bibliographic Details
Main Author: Peą Peą, Rogelio Enrique
Format: Unknown
Language:Spanish
Published: Bogot ̀: ECOE, 2008
Online Access:Acceso restringido

MARC

LEADER 00000ny a22000003n 4500
005 20110628122938.0
008 090129s2008 ck s 000 0 spa d
020 |a 9586484572 
035 |a 2522 
040 |a UMA.RE  |d vLex 
080 |a 340.12(0.034) 
080 |a 347.91/.95(0.034) 
090 |c 1163  |d 1163 
100 1 |a Peą Peą, Rogelio Enrique 
245 1 0 |a Teora̕ general del proceso  |h [Recurso electrn̤ico]  |c Rogelio Enrique Peą Peą 
256 |a Servicio en ln̕ea 
260 |a Bogot ̀:  |b ECOE,   |c 2008 
506 1 |a Contenido solo disponible en los productos indicados  |d vLex Global  |d vLex Global (Academic Edition, excluding Law Schools)  |d vLex Global (U.S. Academic Edition, Law Schools)  |d vLex Global (U.S. Academic Edition, excluding Law Schools)  |d vLex Global (Academic Edition, Law Schools) 
740 0 |a vLex Libros (Servicios en ln̕ea) 
856 4 0 |z Acceso restringido  |u http://vlex.com/source/2522 
942 |c BOOK 
999 0 4 |a Derecho procesal  |v En ln̕ea 
999 0 4 |a Derecho  |v En ln̕ea